00587nam a22001697a 4500010001500000020002600015035001400041037000900055082001100064245005700075260003800132270004600170300002800216942002500244999001900269952012900288 aENG-143199 a9789394992436c450.00 aEN-126731 bDBAD a954.13 aUttar Pradesh-2023:bbased on the facts of 2022-2023 aLucknowbBharat Book Centrec2024 a17, Ashok Marg, Lucknow,bLucknowe226001 a552p.:bill.c24cm(Pbk) 2ddccENh954.13mUTT c208627d208627 001040708NFICaAVbAVd2025-01-21eDBADg450.00l0o954.13 UTTpEN-126731r2025-01-21 00:00:00t1v450.00w2025-01-21yEN